000 00362cam a2200121 4500
082 0 0 _a956.59
_bISO
_cL-28, P-93
245 0 0 _aJordan: the Holy Land.
260 _a[Amman?]
_bJordanian Royal Racing Club
_c[196-]
300 _a137 p.
_billus.
_c16 cm.
526 _a0
_b0
_c0
_d956_590000000000000_ISO
710 2 _aJordanian Royal Racing Club.
_946569
942 _2ddc
_cBK
999 _c549877
_d549877